Semblanza de D. Ignacio María de Álava y Sáez de Navarrete / (Record no. 116608)

MARC details
000 -LEADER
campo de control de longitud fija 00821nam a2200205 4500
001 - NÚMERO DE CONTROL
campo de control 116608
003 - IDENTIFICADOR DE NÚMERO DE CONTROL
campo de control ES-MaACL
005 - FECHA Y HORA DE LA ÚLTIMA TRANSACCIÓN
campo de control 20251124171154.0
007 - CAMPO FIJO DE DESCRIPCIÓN FÍSICA--INFORMACIÓN GENERAL
campo de control de longitud fija t|
008 - DATOS DE LONGITUD FIJA--INFORMACIÓN GENERAL
campo de control de longitud fija 061121s1950 sp r ||||1| spa d
100 0# - ENTRADA PRINCIPAL--NOMBRE DE PERSONA
Nombre de persona Otero Navascues, Julio,
Títulos y otros términos asociados al nombre Marqués de Hermosilla
9 (RLIN) 87914
245 10 - MENCIÓN DEL TÍTULO
Título Semblanza de D. Ignacio María de Álava y Sáez de Navarrete /
Mención de responsabilidad, etc. Julio Otero Navascués.
260 ## - PUBLICACIÓN, DISTRIBUCIÓN, ETC.
Lugar de publicación, distribución, etc. Vitoria :
Nombre del editor, distribuidor, etc. [s.n.],
Fecha de publicación, distribución, etc. 1950 (
Fabricante Imp. Hijos de Heraclio Fournier)
300 ## - DESCRIPCIÓN FÍSICA
Extensión 47 p., 2 lám. ;
Dimensiones 17 cm.
594 ## - Nota al título y mención de responsabilidad
Nota al título y mención de responsabilidad Precede al tít.: Caja de Ahorros y Monte de Piedad de Vitoria. Juegos Florales.
600 14 - PUNTO DE ACCESO ADICIONAL DE MATERIA--NOMBRE DE PERSONA
Nombre de persona Álava y Navarrete, Ignacio María,
Fechas asociadas al nombre 1750-1817
9 (RLIN) 172860
710 2# - ENTRADA AGREGADA--NOMBRE DE ENTIDAD CORPORATIVA
Nombre de entidad corporativa o nombre de jurisdicción como elemento de entrada Caja de Ahorros y Monte de Piedad de la Ciudad de Vitoria.
9 (RLIN) 172820
852 ## - LOCALIZACIÓN
Ubicación ES-MaACL
Número de control de estantería 1938-F-12
Holdings
Estatus retirado Estado de pérdida Estado de daño No para préstamo Colección Biblioteca de origen Biblioteca actual Ubicación en estantería Fecha de adquisición Fuente de adquisición Total de préstamos Signatura topográfica completa Código de barras Visto por última vez Precio de reemplazo Tipo de ítem Koha
        Colección de folletos Biblioteca del Ateneo de Madrid Biblioteca del Ateneo de Madrid Depósito folletos 17/01/2008     1938-F-12 1121592 23/02/2023 23/02/2023 Folleto